[Event "Windsor NAYCC U14"]
[Site "Windsor"]
[Date "2016.08.08"]
[Round "2.66"]
[White "Baker, Vincent J"]
[Black "Wilson, Kameron Tyler"]
[Result "0-1"]
[WhiteElo "1994"]
[BlackElo "1439"]
[PlyCount "96"]
[EventDate "2016.08.07"]
[EventType "swiss"]
[EventRounds "9"]
[EventCountry "CAN"]
[SourceTitle "EXT 2022"]
[Source "ChessBase"]
[SourceDate "2021.10.06"]
[SourceVersion "1"]
[SourceVersionDate "2021.10.06"]
[SourceQuality "1"]

1. e4 e6 2. d4 d5 3. Nc3 Nf6 4. Bg5 Be7 5. e5 Nfd7 6. Bxe7 Qxe7 7. f4 a6 8. Nf3 c5 9. Be2 c4 10. f5 b5 11. a3 Bb7 12. 0-0 exf5 13. Qe1 Nf8 14. Nh4 g6 15. Qg3 Ne6 16. Rad1 Bc6 17. Bf3 Qd8 18. Qf2 a5 19. g4 f4 20. Bh1 Ra7 21. Ne2 h5 22. Ng2 f3 23. Qxf3 Ng5 24. Qg3 hxg4 25. Ngf4 Nh3+ 26. Nxh3 Rxh3 27. Qxg4 Bd7 28. Qf4 Bf5 29. Ng3 Rh4 30. Qf2 Bh3 31. Rfe1 Qg5 32. Bxd5 Rf4 33. Qd2 Rd7 34. Bg2 Rdxd4 35. Qxa5 Bxg2 36. Kxg2 Nd7 37. Qxb5 Qg4 38. Rxd4 Rxd4 39. Qc6 Rd2+ 40. Kg1 Qd4+ 41. Kh1 Qf2 42. Ne2 Qxe1+ 43. Kg2 Qxe2+ 44. Kg3 Qxe5+ 45. Kg4 f5+ 46. Kg5 Qf6+ 47. Qxf6 Nxf6 48. Kxf6 f4 0-1